| 000 | 03045nam a2200421 4500 | ||
|---|---|---|---|
| 001 | ESSALUD | ||
| 005 | 20260702160921.0 | ||
| 007 | ta | ||
| 008 | t pe ||||| |||| 00| 0 spa d | ||
| 040 | _aBMG | ||
| 041 | _aspa | ||
| 100 |
_aTarazana Pineda, Manolo Narciso _eAutor _953135 |
||
| 245 | _aAspectos laborales de la Ley del Presupuesto Público | ||
| 246 | _aLabor aspects of the Public Budget Law | ||
| 300 | _apáginas 182-201 | ||
| 520 | _aEn el presente informe se desarrolla de manera sistemática el contenido de las principales disposiciones laborales, remunerativas y presupuestarias previstas en la Ley de Presupuesto del Sector Público para el Año Fiscal 2026. El texto describe las principales implicancias laborales derivadas de dichas disposiciones, abarcando los distintos regímenes de empleo público, los incrementos y ajustes de ingresos, el otorgamiento de bonos excepcionales y los procesos de nombramiento y ascenso del personal. Asimismo, se exponen las reglas y excepciones aplicables a la contratación bajo el régimen CAS, las disposiciones vinculadas a la negociación colectiva y al arbitraje laboral, así como las autorizaciones presupuestarias relacionadas con el financiamiento de plazas, la gestión de recursos humanos y el cumplimiento de obligaciones previsionales, ofreciendo una visión ordenada y coherente del marco normativo vigente | ||
| 520 | _aThis report systematicolly presents the content of the main labor, remuneration -related, and budgetary provisions set forth in the Public Sector Budget Law for Fiscal Year 2026. The text describes the principal labor implications arising from these provisions, covering the various public employment regimes, income increases and adjustments, the granting of exceptional bonuses, and personnel appointment and promotion processes. lt also outlines the rules and exceptions applicable to hiring under the CAS regime, the provisions related to collective bargaining and labor arbitration, as well as the budgetary authorizations concerning the financing of positions, human resources management, and the fulfillment of social security obligations, offering an orderly and coherent overview of the current regulatory framework. | ||
| 650 |
_aSECTOR PÚBLICO _91012 |
||
| 650 | _aPRESUPUESTO | ||
| 650 |
_aINGRESOS _953219 |
||
| 650 |
_aPLANILLA _953220 |
||
| 650 |
_aBONIFICACIONES _953221 |
||
| 650 |
_aSERVIDORES _953222 |
||
| 650 |
_aFUNCIONARIOS _953223 |
||
| 650 | _aCONTRATACIÓN | ||
| 650 |
_aNOMBRAMIENTO _953224 |
||
| 650 |
_aPUBLIC SECTOR _953225 |
||
| 650 |
_aBUDGET _953226 |
||
| 650 |
_aEARNINGS _953227 |
||
| 650 |
_aPAYROLL _953228 |
||
| 650 |
_aBONUSES _953229 |
||
| 650 |
_aPUBLIC SERVANTS _953230 |
||
| 650 |
_aPUBLIC OFFICIALS _953231 |
||
| 650 |
_aHIRING _953232 |
||
| 650 |
_aAPPOINTMENT _953233 |
||
| 773 | 0 |
_022614 _922623 _dLima Grupo Praxis Formación Profesional, 2026- _oPRALAB001 _tPraxis Laboral & Procesal Laboral _wESSALUD _x3119-768X |
|
| 942 |
_cARTICULOS _e2026-07-02 _zSQB |
||
| 999 |
_c22629 _d22629 |
||